Basic english for college / (Record no. 14408)
[ view plain ]
| 000 -LEADER | |
|---|---|
| fixed length control field | 00813nam a2200253 a 4500 |
| 003 - CONTROL NUMBER IDENTIFIER | |
| control field | PILC |
| 005 - DATE AND TIME OF LATEST TRANSACTION | |
| control field | 20150112093432.0 |
| 008 - FIXED-LENGTH DATA ELEMENTS--GENERAL INFORMATION | |
| fixed length control field | 100727s19uu xx 00 eng d |
| 020 ## - INTERNATIONAL STANDARD BOOK NUMBER | |
| International Standard Book Number | 971550258x |
| 050 ## - LIBRARY OF CONGRESS CALL NUMBER | |
| Classification number | PE 1128 |
| Item number | .B311 2003 |
| 082 ## - DEWEY DECIMAL CLASSIFICATION NUMBER | |
| Classification number | SFf 428.1 |
| Item number | B29 1997 |
| 100 ## - MAIN ENTRY--PERSONAL NAME | |
| Personal name | Pascasio, Emy M. |
| 9 (RLIN) | 11601 |
| 245 ## - TITLE STATEMENT | |
| Title | Basic english for college / |
| Statement of responsibility, etc | Emy M. Pascasio ... [et.al].- |
| 250 ## - EDITION STATEMENT | |
| Edition statement | rev. ed. |
| 260 ## - PUBLICATION, DISTRIBUTION, ETC. (IMPRINT) | |
| Place of publication, distribution, etc | Quezon City : |
| Name of publisher, distributor, etc | Ateneo De Manila University Press, |
| Date of publication, distribution, etc | 1997. |
| 300 ## - PHYSICAL DESCRIPTION | |
| Extent | 243 pages : |
| Other physical details | illustration ; |
| Dimensions | 23 cm. |
| 650 ## - SUBJECT ADDED ENTRY--TOPICAL TERM | |
| Topical term or geographic name as entry element | English language |
| 9 (RLIN) | 2534 |
| 650 ## - SUBJECT ADDED ENTRY--TOPICAL TERM | |
| Topical term or geographic name as entry element | English - Reads, writes, speaks |
| 9 (RLIN) | 11602 |
| 700 ## - ADDED ENTRY--PERSONAL NAME | |
| Personal name | Dalupan, Lourdes G. |
| 9 (RLIN) | 11603 |
| 700 ## - ADDED ENTRY--PERSONAL NAME | |
| Personal name | Fernandez, Apricinia B. |
| 9 (RLIN) | 11604 |
| 700 ## - ADDED ENTRY--PERSONAL NAME | |
| Personal name | Nu�ez, Carol A. |
| 9 (RLIN) | 11605 |
| 700 ## - ADDED ENTRY--PERSONAL NAME | |
| Personal name | Que, Mary Jennifer J. |
| 9 (RLIN) | 11606 |
| 942 ## - ADDED ENTRY ELEMENTS (KOHA) | |
| Source of classification or shelving scheme | Library of Congress Classification |
| Koha item type | Books |
| Withdrawn status | Lost status | Source of classification or shelving scheme | Damaged status | Home library | Current library | Shelving location | Date acquired | Source of acquisition | Total Checkouts | Full call number | Barcode | Date last seen | Copy number | Price effective from | Koha item type | Total Renewals | Date checked out |
|---|---|---|---|---|---|---|---|---|---|---|---|---|---|---|---|---|---|
| Library of Congress Classification | Southville International School Affiliated with Foreign Universities Library | Southville International School Affiliated with Foreign Universities Library | Southville Foreign University Section | 08/23/2013 | Donation | PE 1028 .B311 2003 | SFU1340 | 05/15/2018 | 1 | 08/23/2013 | Books | ||||||
| Library of Congress Classification | Southville International School Affiliated with Foreign Universities Library | Southville International School Affiliated with Foreign Universities Library | Southville Foreign University Section | 08/17/2013 | PE 1028 .B311 2003 | SFU1341 | 05/15/2018 | 2 | 08/17/2013 | Books | |||||||
| Library of Congress Classification | Southville International School Affiliated with Foreign Universities Library | Southville International School Affiliated with Foreign Universities Library | Southville Foreign University Section | 08/17/2013 | 1 | PE 1028 .B311 2003 | SFU1342 | 05/15/2018 | 3 | 08/17/2013 | Books | 2 | 04/20/2015 |